Biografía del Servent de Déu Rverd. P. Francesc Crusats i Franch... mártir de la Selva del Camp / (Record no. 64871)

MARC details
000 -LEADER
campo de control de longitud fija 00776nam a2200205 i 4500
001 - NÚMERO DE CONTROL
campo de control 64871
003 - IDENTIFICADOR DE NÚMERO DE CONTROL
campo de control ES-MaACL
005 - FECHA Y HORA DE LA ÚLTIMA TRANSACCIÓN
campo de control 20251017063052.0
007 - CAMPO FIJO DE DESCRIPCIÓN FÍSICA--INFORMACIÓN GENERAL
campo de control de longitud fija t|
008 - DATOS DE LONGITUD FIJA--INFORMACIÓN GENERAL
campo de control de longitud fija 040107s1954 sp ||||1| cat d
100 1# - ENTRADA PRINCIPAL--NOMBRE DE PERSONA
Nombre de persona Fort i Cogul, Eufemià,
Fechas asociadas al nombre 1908-1979
9 (RLIN) 51838
245 10 - MENCIÓN DEL TÍTULO
Título Biografía del Servent de Déu Rverd. P. Francesc Crusats i Franch... mártir de la Selva del Camp /
Mención de responsabilidad, etc. Eufemia Fort i Cogul.
260 ## - PUBLICACIÓN, DISTRIBUCIÓN, ETC.
Lugar de publicación, distribución, etc. La Selva del Camp :
Nombre del editor, distribuidor, etc. Analecta Selvatana,
Fecha de publicación, distribución, etc. 1954 (
Fabricante Sucs. de Torres y Virgili)
300 ## - DESCRIPCIÓN FÍSICA
Extensión 387 p. :
Otras características físicas retr. aut. ;
Dimensiones 24 cm.
490 1# - MENCIÓN DE SERIE
Mención de serie Analecta selvatana ;
Designación de volumen o secuencia 15
600 14 - PUNTO DE ACCESO ADICIONAL DE MATERIA--NOMBRE DE PERSONA
Nombre de persona Crusats Franch, Francisco (
Fechas asociadas al nombre 1831-1868)
9 (RLIN) 159519
830 0# - PUNTO DE ACCESO ADICIONAL DE SERIE-TÍTULO UNIFORME
Título uniforme Analecta selvatana ;
Designación de volumen o secuencia 15
9 (RLIN) 182936
852 ## - LOCALIZACIÓN
Ubicación ES-MaACL
Número de control de estantería C-8342
Sublocalización o colección R.36454
Holdings
Estatus retirado Estado de pérdida Estado de daño No para préstamo Biblioteca de origen Biblioteca actual Ubicación en estantería Fecha de adquisición Fuente de adquisición Total de préstamos Signatura topográfica completa Código de barras Visto por última vez Precio de reemplazo Tipo de ítem Koha
        Biblioteca del Ateneo de Madrid Biblioteca del Ateneo de Madrid Sala Palomar 17/01/2008     C-8342 1067974 23/02/2023 23/02/2023 Libro impreso